[Event "Kalamaria op 7th"]
[Site "Kalamaria"]
[Date "2010.08.29"]
[Round "6"]
[White "Shavtvaladze, Nikoloz"]
[Black "Petrov, Marian"]
[Result "1/2-1/2"]
[WhiteElo "2424"]
[BlackElo "2535"]
[PlyCount "112"]
[EventDate "2010.08.25"]
[EventType "swiss"]
[EventRounds "9"]
[EventCountry "GRE"]
[SourceTitle "CBM 138 Extra"]
[Source "ChessBase"]
[SourceDate "2010.10.29"]
[SourceVersion "1"]
[SourceVersionDate "2010.10.29"]
[SourceQuality "1"]

1. e4 c5 2. Nc3 Nc6 3. Bb5 Nd4 4. Bc4 e6 5. Nge2 Ne7 6. Nxd4 cxd4 7. Ne2 Nc6 8. 0-0 a6 9. d3 Be7 10. a3 0-0 11. Ba2 b5 12. f4 a5 13. f5 Re8 14. Nf4 Ne5 15. Qh5 Bf6 16. Qh3 g6 17. Bd2 Ra6 18. Kh1 Bb7 19. c3 dxc3 20. Bxc3 exf5 21. Nd5 Bxd5 22. Bxd5 Rd6 23. d4 Ng4 24. Qg3 Rxd5 25. exd5 Ne3 26. Rf3 Re4 27. Rxe3 f4 28. Bxa5 Qb8 29. Rxe4 fxg3 30. Rf1 Bg5 31. Rg4 h6 32. Rxg3 Qa8 33. Bc3 Qxd5 34. Rgf3 f5 35. Re1 Bf6 36. Ref1 Kf7 37. h3 h5 38. R1f2 h4 39. Rf1 Bd8 40. Re1 Bc7 41. Rfe3 Bg3 42. Rf1 Qc4 43. Rd1 g5 44. d5 g4 45. hxg4 Qxg4 46. Rf1 h3 47. Rxf5+ Qxf5 48. Rxg3 hxg2+ 49. Rxg2 Qxd5 50. Kg1 Qd1+ 51. Kh2 d5 52. Rd2 Qf3 53. Rd4 Ke6 54. Rb4 Kd6 55. Rd4 Kc5 56. Rb4 Qf2+ 1/2-1/2

[Event "Tbilisi Cup"]
[Site "Tbilisi"]
[Date "2010.05.22"]
[Round "8"]
[White "Javakhadze, Zurab"]
[Black "Shavtvaladze, Nikoloz"]
[Result "1-0"]
[WhiteElo "2335"]
[BlackElo "2437"]
[PlyCount "51"]
[EventDate "2010.05.15"]
[EventType "swiss"]
[EventRounds "9"]
[EventCountry "GEO"]
[SourceTitle "CBM 136 Extra"]
[Source "ChessBase"]
[SourceDate "2010.07.02"]
[SourceVersion "2"]
[SourceVersionDate "2010.07.15"]
[SourceQuality "1"]

1. c4 g6 2. Nc3 Bg7 3. d4 c5 4. d5 Bxc3+ 5. bxc3 f5 6. e4 fxe4 7. f3 e5 8. dxe6 Nc6 9. Qc2 Qh4+ 10. g3 Qf6 11. Bg2 d6 12. Nh3 Bxe6 13. Bg5 Qg7 14. 0-0 Nf6 15. Qd2 0-0-0 16. fxe4 Nxe4 17. Bxe4 Bxh3 18. Rf4 Ne5 19. Bxd8 Rxd8 20. Rb1 Rd7 21. Qf2 Nf7 22. Bxb7+ Kd8 23. Bd5 Ne5 24. Rb8+ Ke7 25. Rff8 Rc7 26. Rbe8+ 1-0

[Event "Kalamaria op 6th"]
[Site "Kalamaria"]
[Date "2009.08.26"]
[Round "6"]
[White "Nevednichy, Vladislav"]
[Black "Shavtvaladze, Nikoloz"]
[Result "1/2-1/2"]
[WhiteElo "2570"]
[BlackElo "2452"]
[PlyCount "148"]
[EventDate "2009.08.22"]
[EventType "swiss"]
[EventRounds "9"]
[EventCountry "GRE"]
[SourceTitle "CBM 131 Extra"]
[Source "ChessBase"]
[SourceDate "2009.09.03"]
[SourceVersion "2"]
[SourceVersionDate "2009.09.16"]
[SourceQuality "1"]

1. e4 e6 2. d3 d5 3. Qe2 Nc6 4. Nf3 dxe4 5. dxe4 e5 6. c3 Nf6 7. Qc2 Bd6 8. Nbd2 0-0 9. Nc4 Bg4 10. Be2 Bxf3 11. Bxf3 Qc8 12. 0-0 h6 13. Be2 Ne7 14. a4 a5 15. Rb1 Rd8 16. h3 Ng6 17. b4 axb4 18. cxb4 Re8 19. a5 Nf4 20. Bxf4 exf4 21. Bf3 Nd7 22. Rfd1 Qb8 23. Qd2 Ne5 24. Nxd6 Nxf3+ 25. gxf3 cxd6 26. Qxd6 Qc8 27. Kh2 Qc2 28. Qd2 Qc7 29. Rbc1 Qe7 30. Rc5 Rad8 31. Rd5 Rxd5 32. exd5 Qd6 33. b5 Re3 34. a6 bxa6 35. bxa6 Rxf3 36. Qe2 Ra3 37. Qe8+ Kh7 38. Qxf7 Rxa6 39. Qf5+ Kh8 40. Rc1 Ra8 41. Rc6 Rf8 42. Qe4 Qb8 43. d6 Qb2 44. Rc2 Qf6 45. d7 f3 46. Rc6 Qg5 47. Qg4 Qd2 48. Kg3 Qd5 49. Re6 h5 50. Qg6 Qxd7 51. Qxh5+ Kg8 52. Qg6 Qd1 53. Kh2 Qf1 54. Qg3 Qa1 55. Re5 Qd4 56. Re7 Qf6 57. Qe5 Qg6 58. Qg3 Kh7 59. Qxg6+ Kxg6 60. Kg3 Kh6 61. Re3 g5 62. Rxf3 Ra8 63. Re3 Ra4 64. Re5 Kg6 65. f3 Ra1 66. Rb5 Ra4 67. Rd5 Ra2 68. Rd8 Kf5 69. Rf8+ Kg6 70. h4 gxh4+ 71. Kxh4 Ra4+ 72. Kg3 Rb4 73. Rf4 Rxf4 74. Kxf4 Kf6 1/2-1/2

[Event "Kavala op 18th"]
[Site "Kavala"]
[Date "2009.08.02"]
[Round "3"]
[White "Burmakin, Vladimir"]
[Black "Shavtvaladze, Nikoloz"]
[Result "1/2-1/2"]
[WhiteElo "2627"]
[BlackElo "2452"]
[PlyCount "169"]
[EventDate "2009.08.01"]
[EventType "swiss"]
[EventRounds "9"]
[EventCountry "GRE"]
[SourceTitle "CBM 131 Extra"]
[Source "ChessBase"]
[SourceDate "2009.09.03"]
[SourceVersion "2"]
[SourceVersionDate "2009.09.16"]
[SourceQuality "1"]

1. Nf3 Nf6 2. g3 g6 3. Bg2 Bg7 4. c4 0-0 5. 0-0 c6 6. d4 d5 7. Qb3 Qb6 8. Nc3 Bf5 9. cxd5 Qxb3 10. axb3 Nxd5 11. Bd2 Nxc3 12. bxc3 Be4 13. Ra4 Rd8 14. Rfa1 a6 15. Bg5 Kf8 16. Ra5 Nd7 17. Bh3 Bxf3 18. exf3 Nf6 19. Bc1 Rd5 20. Bf1 Rxa5 21. Rxa5 Rd8 22. h4 h5 23. Bb2 Nd5 24. f4 e6 25. Bg2 Bf6 26. Kf1 Ke8 27. Ke2 Rd7 28. Bf3 Ne7 29. Be4 Kd8 30. Bc1 Nd5 31. Bd2 Ne7 32. Kd3 Kc8 33. Kc2 Kc7 34. Ra1 Nf5 35. Be1 Rd8 36. Ra4 Nd6 37. Bd3 Nf5 38. Ra2 Be7 39. Kd2 Rd7 40. Ke2 Rd8 41. f3 Kc8 42. Bf2 Bf6 43. Ra5 Rh8 44. Kd2 Bd8 45. Ra1 Bf6 46. Kc2 Ne7 47. Be4 Nf5 48. Rh1 Rd8 49. Bd3 Rh8 50. Be4 Rd8 51. g4 Ne7 52. gxh5 gxh5 53. Rg1 Rg8 54. Rxg8+ Nxg8 55. f5 Kd7 56. fxe6+ Kxe6 57. c4 Ne7 58. f4 Bg7 59. Kd3 Bh6 60. Bg3 Nf5 61. d5+ cxd5 62. Bxd5+ Ke7 63. Be1 b5 64. Ke4 Nd6+ 65. Kf3 bxc4 66. bxc4 f5 67. Bc3 Bf8 68. Ke3 Kd7 69. Kd3 Be7 70. Be1 Bf6 71. Bf3 a5 72. Bxh5 a4 73. Bd1 a3 74. Bb3 Ne4 75. h5 Bg7 76. Bb4 Ng3 77. Bxa3 Nxh5 78. Bc1 Bh6 79. c5 Bxf4 80. Bb2 Ng3 81. Kc4 Ne4 82. Ba4+ Kc7 83. c6 Nd6+ 84. Kd5 Nc8 85. Bd4 1/2-1/2

[Event "Veroia op 1st"]
[Site "Veroia"]
[Date "2008.09.06"]
[Round "4.2"]
[White "Dounis, Alexandros"]
[Black "Shavtvaladze, Nikoloz"]
[Result "1/2-1/2"]
[WhiteElo "2162"]
[BlackElo "2435"]
[PlyCount "125"]
[EventDate "2008.09.04"]
[EventType "swiss"]
[EventRounds "7"]
[EventCountry "GRE"]
[SourceTitle "EXT 2024"]
[Source "ChessBase"]
[SourceDate "2023.10.10"]
[SourceVersion "1"]
[SourceVersionDate "2023.10.10"]
[SourceQuality "1"]

1. Nf3 c5 2. g3 Nc6 3. d4 cxd4 4. Nxd4 g6 5. Bg2 Bg7 6. Nb3 Nf6 7. 0-0 0-0 8. Nc3 d6 9. e4 a5 10. a4 Bg4 11. f3 Be6 12. Be3 d5 13. Nd4 Nxd4 14. Bxd4 dxe4 15. fxe4 Ng4 16. Nd5 Ne5 17. Kh1 Bg4 18. Qc1 Be2 19. Rf2 Bc4 20. Rd2 Bxd5 21. exd5 Nc4 22. Bxg7 Kxg7 23. Re2 f6 24. b3 Ne5 25. Qb2 Qd6 26. Rae1 Rac8 27. c4 Rc7 28. Qc3 b6 29. Re4 h5 30. Qe3 Qc5 31. Bh3 Qxe3 32. R1xe3 Rd8 33. Kg1 Kf8 34. Be6 Ra8 35. Rxe5 fxe5 36. Rf3+ Kg7 37. Rf7+ Kh6 38. d6 Rca7 39. d7 Rd8 40. Rxe7 Kg5 41. Rf7 h4 42. gxh4+ Kxh4 43. Kf2 Ra6 44. Bd5 Ra7 45. Bc6 g5 46. Kf3 Kh5 47. Ke4 Kg6 48. Re7 Kf6 49. Rxe5 Rc7 50. Bb5 Rcxd7 51. Bxd7 Rxd7 52. h4 gxh4 53. Rh5 Ke7 54. Rxh4 Kd6 55. Rh5 Kc6 56. Rd5 Rh7 57. Kd3 Rh3+ 58. Kc2 Rh2+ 59. Kc3 Rh1 60. Rb5 Rh3+ 61. Kb2 Rh2+ 62. Ka3 Rc2 63. Rg5 1/2-1/2

[Event "Kalamaria op 5th"]
[Site "Kalamaria"]
[Date "2008.08.05"]
[Round "4"]
[White "Shavtvaladze, Nikoloz"]
[Black "Iotov, Valentin"]
[Result "1/2-1/2"]
[WhiteElo "2435"]
[BlackElo "2519"]
[PlyCount "28"]
[EventDate "2008.08.02"]
[EventType "swiss"]
[EventRounds "9"]
[EventCountry "GRE"]
[SourceTitle "CBM 126 Extra"]
[Source "ChessBase"]
[SourceDate "2008.11.05"]
[SourceVersion "1"]
[SourceVersionDate "2008.11.05"]
[SourceQuality "1"]

1. e4 e6 2. d4 d5 3. exd5 exd5 4. Bd3 Nc6 5. c3 Bd6 6. h3 Qf6 7. Qf3 Be6 8. Be3 0-0-0 9. Nd2 h6 10. Ne2 g5 11. Qxf6 Nxf6 12. g4 Rde8 13. 0-0-0 Rhg8 14. Rdg1 Bd7 1/2-1/2

[Event "Chalkidiki op"]
[Site "Chalkidiki"]
[Date "2008.05.04"]
[Round "8"]
[White "Bayram, Yakup"]
[Black "Shavtvaladze, Nikoloz"]
[Result "0-1"]
[WhiteElo "2337"]
[BlackElo "2437"]
[PlyCount "98"]
[EventDate "2008.04.29"]
[EventType "swiss"]
[EventRounds "9"]
[EventCountry "GRE"]
[SourceTitle "CBM 123 Extra"]
[Source "ChessBase"]
[SourceDate "2008.05.06"]
[SourceVersion "1"]
[SourceVersionDate "2008.05.06"]
[SourceQuality "1"]

1. d4 Nf6 2. Bg5 c5 3. d5 Qb6 4. Bc1 e6 5. Nc3 exd5 6. Nxd5 Nxd5 7. Qxd5 d6 8. Qb3 Nc6 9. e3 Bf5 10. Bd3 Qxb3 11. axb3 Bxd3 12. cxd3 Be7 13. Bd2 d5 14. Nf3 0-0-0 15. d4 b6 16. Bc3 f6 17. h4 h5 18. Kd2 Kb7 19. Ne1 cxd4 20. exd4 Rhe8 21. Nd3 Bd6 22. b4 b5 23. b3 Re4 24. f3 Re7 25. Rae1 Rde8 26. Rxe7+ Rxe7 27. Nc5+ Kc7 28. Kd3 Bf4 29. Re1 Kd6 30. g4 Rxe1 31. Bxe1 g6 32. Na6 Ne7 33. Bf2 Ng8 34. Ke2 Nh6 35. Nc5 hxg4 36. Nd3 Bh2 37. fxg4 Nxg4 38. Be1 Ke6 39. Kf3 Kf5 40. Bg3 Bxg3 41. Kxg3 Ne3 42. Nc5 Nc2 43. Nb7 Nxd4 44. Nd6+ Ke5 45. Nf7+ Ke6 46. Nh8 Nf5+ 47. Kg4 Ne7 48. Kf4 f5 49. Kg5 d4 0-1

[Event "Chalkidiki op"]
[Site "Chalkidiki"]
[Date "2008.05.02"]
[Round "5"]
[White "Grivas, Efstratios"]
[Black "Shavtvaladze, Nikoloz"]
[Result "1-0"]
[WhiteElo "2498"]
[BlackElo "2437"]
[PlyCount "103"]
[EventDate "2008.04.29"]
[EventType "swiss"]
[EventRounds "9"]
[EventCountry "GRE"]
[SourceTitle "CBM 123 Extra"]
[Source "ChessBase"]
[SourceDate "2008.05.06"]
[SourceVersion "1"]
[SourceVersionDate "2008.05.06"]
[SourceQuality "1"]

1. d4 Nf6 2. c4 e6 3. Nf3 d5 4. g3 dxc4 5. Qa4+ c6 6. Qxc4 b5 7. Qb3 Bb7 8. Bg2 a6 9. 0-0 Nbd7 10. Rd1 c5 11. Bg5 Qb6 12. Bxf6 Nxf6 13. Nbd2 Bd5 14. Qc2 cxd4 15. Nb3 Be4 16. Qc1 d3 17. exd3 Bd5 18. d4 Bd6 19. Nc5 0-0 20. Qe3 a5 21. a3 b4 22. a4 Rac8 23. Rac1 Rc7 24. Ne5 Bxg2 25. Kxg2 Nd5 26. Qe4 f5 27. Qe2 Bxc5 28. dxc5 Rxc5 29. Kg1 Rd8 30. Rxc5 Qxc5 31. Qa6 Re8 32. Qb7 Qe7 33. Qb5 Rc8 34. Qxa5 Qd6 35. Re1 h6 36. Qb5 Nf6 37. Qb7 Rf8 38. Qc6 Qxc6 39. Nxc6 Ra8 40. b3 Ne4 41. Re3 Nc5 42. Nxb4 Rb8 43. Nc6 Rb6 44. Na5 Rd6 45. Rc3 Ne4 46. Rc2 Rd3 47. Kf1 Nc3 48. Nc4 g5 49. Rd2 Rxd2 50. Nxd2 Kf7 51. Nc4 Ke7 52. Ke1 1-0

[Event "Corfu"]
[Site "Corfu"]
[Date "2007.10.06"]
[Round "6"]
[White "Dembo, Yelena"]
[Black "Shavtvaladze, Nikoloz"]
[Result "1/2-1/2"]
[WhiteElo "2448"]
[BlackElo "2408"]
[PlyCount "25"]
[EventDate "2007.10.01"]
[EventType "tourn"]
[EventRounds "9"]
[EventCountry "GRE"]
[EventCategory "7"]
[SourceTitle "CBM 120 Extra"]
[Source "ChessBase"]
[SourceDate "2007.11.01"]
[SourceVersion "1"]
[SourceVersionDate "2007.11.01"]
[SourceQuality "1"]

1. e4 c6 2. d4 d5 3. e5 Bf5 4. Be3 e6 5. Nd2 Nd7 6. Ngf3 Ne7 7. Be2 c5 8. dxc5 Nc6 9. 0-0 Bxc5 10. Bf4 0-0 11. Nb3 Bb6 12. Bb5 Bg4 13. Bxc6 1/2-1/2

[Event "Corfu"]
[Site "Corfu"]
[Date "2007.10.04"]
[Round "4"]
[White "Karpatchev, Aleksandr"]
[Black "Shavtvaladze, Nikoloz"]
[Result "1/2-1/2"]
[WhiteElo "2469"]
[BlackElo "2408"]
[PlyCount "74"]
[EventDate "2007.10.01"]
[EventType "tourn"]
[EventRounds "9"]
[EventCountry "GRE"]
[EventCategory "7"]
[SourceTitle "CBM 120 Extra"]
[Source "ChessBase"]
[SourceDate "2007.11.01"]
[SourceVersion "1"]
[SourceVersionDate "2007.11.01"]
[SourceQuality "1"]

1. e4 c6 2. d4 d5 3. Nc3 dxe4 4. Nxe4 Bf5 5. Ng3 Bg6 6. Nh3 e6 7. Nf4 Qc7 8. c3 Bd6 9. Ngh5 Bxh5 10. Nxh5 g6 11. Ng3 Nf6 12. Qf3 Nbd7 13. Bg5 Be7 14. Be2 h6 15. Bd2 h5 16. 0-0 0-0 17. Bc4 c5 18. Bb3 Qb6 19. Bg5 cxd4 20. cxd4 Qxd4 21. Rad1 Qb4 22. a3 Qc5 23. Rxd7 Nxd7 24. Ne4 Ne5 25. Qg3 Qd4 26. Nf6+ Kh8 27. Rd1 Qxb2 28. Ne4 Bxg5 29. Qxg5 Ng4 30. h3 Qxb3 31. hxg4 Qxd1+ 32. Kh2 Qd4 33. Nf6 Kg7 34. Nxh5+ Kh7 35. Nf6+ Kg7 36. Nh5+ Kg8 37. Nf6+ Kg7 1/2-1/2

[Event "Thessaloniki Kalamaria op"]
[Site "Thessaloniki"]
[Date "2007.08.30"]
[Round "7"]
[White "Shavtvaladze, Nikoloz"]
[Black "Katzir, Moshe"]
[Result "1-0"]
[WhiteElo "2386"]
[BlackElo "2262"]
[PlyCount "55"]
[EventDate "2007.08.25"]
[EventType "swiss"]
[EventRounds "9"]
[EventCountry "GRE"]
[SourceTitle "CBM 120 Extra"]
[Source "ChessBase"]
[SourceDate "2007.11.01"]
[SourceVersion "1"]
[SourceVersionDate "2007.11.01"]
[SourceQuality "1"]

1. e4 c5 2. Nf3 e6 3. d4 cxd4 4. Nxd4 Nc6 5. Nc3 Qc7 6. Be3 a6 7. f4 b5 8. Be2 Bb7 9. 0-0 Na5 10. Qd3 b4 11. Nb1 Nf6 12. Nd2 d5 13. e5 Ne4 14. Nxe4 dxe4 15. Qd1 Rd8 16. c3 Bc5 17. Kh1 Nc6 18. Qa4 Qa5 19. Qxa5 Nxa5 20. Rfd1 bxc3 21. Nc6 Nxc6 22. Bxc5 Rd5 23. Rxd5 exd5 24. bxc3 Kd7 25. Rb1 Kc7 26. Bd6+ Kc8 27. Bg4+ f5 28. exf6+ 1-0

[Event "Kavala op 16th"]
[Site "Kavala"]
[Date "2007.08.12"]
[Round "9"]
[White "Petkov, Vladimir"]
[Black "Shavtvaladze, Nikoloz"]
[Result "1-0"]
[WhiteElo "2520"]
[BlackElo "2386"]
[PlyCount "115"]
[EventDate "2007.08.05"]
[EventType "swiss"]
[EventRounds "9"]
[EventCountry "GRE"]
[SourceTitle "CBM 119 Extra"]
[Source "ChessBase"]
[SourceDate "2007.09.04"]
[SourceVersion "1"]
[SourceVersionDate "2007.09.04"]
[SourceQuality "1"]

1. d4 Nf6 2. c4 e6 3. Nf3 Bb4+ 4. Bd2 c5 5. Bxb4 cxb4 6. e3 0-0 7. Bd3 d6 8. 0-0 Nc6 9. d5 exd5 10. cxd5 Ne7 11. e4 Ng6 12. Re1 Nd7 13. Nbd2 Nc5 14. Bf1 Bg4 15. h3 Bxf3 16. Nxf3 Ne5 17. Nd4 Qb6 18. Re3 Rfe8 19. Qd2 Ned7 20. Rae1 Nf6 21. f3 g6 22. Kh2 Re5 23. g3 Rae8 24. Bg2 a5 25. b3 h5 26. h4 Qd8 27. R3e2 Kh7 28. Kh1 Qd7 29. Nc2 Qd8 30. Ne3 R5e7 31. Qd4 Nfd7 32. Nc4 Ne5 33. Nxe5 Rxe5 34. f4 R5e7 35. e5 f6 36. Re3 fxe5 37. fxe5 b6 38. e6 Rf8 39. Rf1 Rxf1+ 40. Bxf1 Qf8 41. Kg2 Rg7 42. Rf3 Qe7 43. Qf4 Kg8 44. Bb5 Qd8 45. Kh3 Qe7 46. Qe3 Qd8 47. Rf4 Qe7 48. Rf2 Qd8 49. g4 hxg4+ 50. Kxg4 Qe7 51. Rf3 Qb7 52. Qg5 Kh7 53. Re3 Qe7 54. Qxe7 Rxe7 55. Kg5 Kg7 56. Bd3 Nxd3 57. Rxd3 Rc7 58. Rf3 1-0

[Event "Kavala op 16th"]
[Site "Kavala"]
[Date "2007.08.05"]
[Round "2"]
[White "Shavtvaladze, Nikoloz"]
[Black "Perunovic, Milos"]
[Result "1/2-1/2"]
[WhiteElo "2386"]
[BlackElo "2589"]
[PlyCount "89"]
[EventDate "2007.08.05"]
[EventType "swiss"]
[EventRounds "9"]
[EventCountry "GRE"]
[SourceTitle "CBM 119 Extra"]
[Source "ChessBase"]
[SourceDate "2007.09.04"]
[SourceVersion "1"]
[SourceVersionDate "2007.09.04"]
[SourceQuality "1"]

1. d4 Nf6 2. c4 e6 3. Nc3 Bb4 4. Nf3 d5 5. Qa4+ Nc6 6. e3 0-0 7. Be2 a6 8. Qc2 dxc4 9. Bxc4 Bd6 10. 0-0 e5 11. d5 Nb4 12. Qb1 c6 13. dxc6 Nxc6 14. Ng5 h6 15. Nge4 Nxe4 16. Qxe4 Ne7 17. Nd5 Kh8 18. Nxe7 Qxe7 19. Bd2 f5 20. Qc2 Bd7 21. Bd5 e4 22. Qb3 Bb5 23. Bc4 Bxh2+ 24. Kxh2 Qc7+ 25. Kg1 Bxc4 26. Rfc1 Rac8 27. Qb4 Qf7 28. b3 Be2 29. Qb6 Kh7 30. Rxc8 Rxc8 31. Rc1 Rxc1+ 32. Bxc1 Qd7 33. Bb2 Qd1+ 34. Kh2 Bf1 35. Qc7 Qg4 36. Qg3 Qxg3+ 37. Kxg3 g5 38. a4 Kg6 39. a5 h5 40. Be5 h4+ 41. Kh2 Kh5 42. g3 h3 43. Bf6 Kg4 44. b4 Bg2 45. Be7 1/2-1/2

[Event "Aegean op 30th"]
[Site "Aghios Kirykos"]
[Date "2007.07.12"]
[Round "6"]
[White "Dounis, Alexandros"]
[Black "Shavtvaladze, Nikoloz"]
[Result "0-1"]
[WhiteElo "2190"]
[BlackElo "2386"]
[PlyCount "62"]
[EventDate "2007.07.07"]
[EventType "swiss"]
[EventRounds "9"]
[EventCountry "GRE"]
[SourceTitle "CBM 119 Extra"]
[Source "ChessBase"]
[SourceDate "2007.09.04"]
[SourceVersion "1"]
[SourceVersionDate "2007.09.04"]
[SourceQuality "1"]

1. Nf3 g6 2. g3 Bg7 3. d4 Nf6 4. Bg2 0-0 5. 0-0 d6 6. Re1 c6 7. a4 a5 8. e4 Qc7 9. Nc3 e5 10. h3 Re8 11. Be3 Nbd7 12. Qd2 Rb8 13. Rad1 b5 14. axb5 cxb5 15. dxe5 b4 16. Nb5 Rxb5 17. exf6 Nxf6 18. Nd4 Rc5 19. Qd3 Bd7 20. f4 a4 21. g4 a3 22. Bd2 Qb6 23. Be3 axb2 24. Nb3 Bb5 25. Bxc5 dxc5 26. Qd6 Qxd6 27. Rxd6 Nxe4 28. Bxe4 Rxe4 29. Rd8+ Bf8 30. Rb1 c4 31. Nd4 Rxd4 0-1

[Event "Aegean op 30th"]
[Site "Aghios Kirykos"]
[Date "2007.07.08"]
[Round "2"]
[White "Grapsa, Georgia"]
[Black "Shavtvaladze, Nikoloz"]
[Result "0-1"]
[WhiteElo "2076"]
[BlackElo "2386"]
[PlyCount "74"]
[EventDate "2007.07.07"]
[EventType "swiss"]
[EventRounds "9"]
[EventCountry "GRE"]
[SourceTitle "CBM 119 Extra"]
[Source "ChessBase"]
[SourceDate "2007.09.04"]
[SourceVersion "1"]
[SourceVersionDate "2007.09.04"]
[SourceQuality "1"]

1. d4 Nf6 2. c4 c5 3. d5 e6 4. Nc3 exd5 5. cxd5 Bd6 6. g3 0-0 7. Bg2 Bc7 8. d6 Ba5 9. Nh3 Nc6 10. 0-0 Bxc3 11. bxc3 b6 12. Rb1 Ba6 13. Nf4 Re8 14. Re1 Bc4 15. Qa4 b5 16. Qc2 Qa5 17. Be3 Re5 18. Nd3 Bxd3 19. Qxd3 c4 20. Qd2 Ne4 21. Bxe4 Rxe4 22. f3 Re6 23. Bf4 Rae8 24. e4 h6 25. h4 a6 26. a4 bxa4 27. Rb7 Ne5 28. Kg2 Nd3 29. Ra1 Nc5 30. Rc7 Nb3 31. Qb2 Nxa1 32. Qxa1 Qb5 33. Qa3 Qb3 34. Qc5 a3 35. Rxd7 a2 36. Qf5 Rf6 37. Re7 Rf8 0-1

[Event "Kalamaria op 3rd"]
[Site "Kalamaria"]
[Date "2006.09.01"]
[Round "3"]
[White "Shavtvaladze, Nikoloz"]
[Black "Wojtaszek, Radoslaw"]
[Result "1/2-1/2"]
[WhiteElo "2383"]
[BlackElo "2622"]
[PlyCount "65"]
[EventDate "2006.08.30"]
[EventType "swiss"]
[EventRounds "9"]
[EventCountry "GRE"]
[SourceTitle "EXT 2007"]
[Source "ChessBase"]
[SourceDate "2006.11.23"]
[SourceVersion "1"]
[SourceVersionDate "2006.11.23"]
[SourceQuality "1"]

1. e4 c5 2. Nc3 a6 3. Nf3 d6 4. g3 b5 5. Bg2 Bb7 6. d3 g6 7. 0-0 Bg7 8. d4 cxd4 9. Nxd4 e6 10. a4 bxa4 11. Rxa4 Ne7 12. f4 Nbc6 13. Be3 0-0 14. f5 exf5 15. exf5 Bxd4 16. Bxd4 Nxf5 17. Bf2 Rb8 18. g4 Ng7 19. Nd5 Ne8 20. Rf4 Rc8 21. c3 Ne5 22. Bd4 Qg5 23. Be3 Bxd5 24. Qxd5 Qe7 25. Bd4 Nc7 26. Qe4 f6 27. b4 Ne6 28. R4f2 Kg7 29. h3 Rc4 30. Qd5 Rc7 31. Qe4 Ng5 32. Qe2 Qd7 33. Qxa6 1/2-1/2

[Event "Athens Acropolis op"]
[Site "Athens"]
[Date "2006.08.20"]
[Round "8"]
[White "Shavtvaladze, Nikoloz"]
[Black "Valden, Petros"]
[Result "1-0"]
[WhiteElo "2383"]
[BlackElo "2165"]
[PlyCount "129"]
[EventDate "2006.08.13"]
[EventType "swiss"]
[EventRounds "9"]
[EventCountry "GRE"]
[SourceTitle "CBM 113 Extra"]
[Source "ChessBase"]
[SourceDate "2006.09.14"]
[SourceVersion "1"]
[SourceVersionDate "2006.09.14"]
[SourceQuality "1"]

1. e4 c5 2. Na3 Nc6 3. Bb5 g6 4. Nf3 Bg7 5. 0-0 Nf6 6. Re1 0-0 7. c3 d5 8. e5 Ne8 9. h3 Nc7 10. Bxc6 bxc6 11. Qa4 f6 12. Qxc6 fxe5 13. Nxe5 Qd6 14. Qxd6 exd6 15. Ng4 Ba6 16. b3 d4 17. c4 h5 18. Nh2 d3 19. Rb1 Rae8 20. Rxe8 Rxe8 21. Bb2 Bxb2 22. Rxb2 Re1+ 23. Nf1 d5 24. f3 Ne6 25. cxd5 Nf4 26. Nc4 Nxd5 27. Kf2 Re2+ 28. Kg3 g5 29. Nce3 Nxe3 30. Nxe3 Kg7 31. f4 Kg6 32. fxg5 Kxg5 33. h4+ Kf6 34. Nd5+ Kf5 35. Nf4 Re4 36. Nxh5 Rg4+ 37. Kh3 Bb7 38. Ng3+ Kf4 39. Nh5+ Kf5 40. g3 Re4 41. Rb1 Re2 42. g4+ Ke5 43. Rd1 Rf2 44. Rg1 Rxd2 45. g5 Rg2 46. Rf1 Re2 47. Nf4 Bc8+ 48. Kg3 Re3+ 49. Rf3 Rxf3+ 50. Kxf3 d2 51. Nd3+ Kd4 52. Nf2 Kc3 53. h5 Bf5 54. Kf4 Bc2 55. g6 Kd4 56. g7 Bh7 57. Kg5 Ke3 58. Nd1+ Ke2 59. Nb2 d1Q 60. Nxd1 Kxd1 61. Kh6 Bg8 62. Kg6 c4 63. bxc4 Bxc4 64. h6 Bxa2 65. h7 1-0

[Event "Athens Acropolis op"]
[Site "Athens"]
[Date "2006.08.15"]
[Round "3"]
[White "Nikolaidis, Ioannis"]
[Black "Shavtvaladze, Nikoloz"]
[Result "1-0"]
[WhiteElo "2538"]
[BlackElo "2383"]
[PlyCount "76"]
[EventDate "2006.08.13"]
[EventType "swiss"]
[EventRounds "9"]
[EventCountry "GRE"]
[SourceTitle "CBM 113 Extra"]
[Source "ChessBase"]
[SourceDate "2006.09.14"]
[SourceVersion "1"]
[SourceVersionDate "2006.09.14"]
[SourceQuality "1"]

1. c4 c5 2. Nc3 Nc6 3. Nf3 g6 4. e3 Bg7 5. d4 cxd4 6. exd4 d6 7. d5 Ne5 8. Nxe5 Bxe5 9. Be2 Bg7 10. 0-0 Nh6 11. Re1 Nf5 12. Bd3 0-0 13. Bf4 Re8 14. Qd2 Bd7 15. Bxf5 Bxf5 16. Bh6 Bh8 17. Be3 Rc8 18. b3 a6 19. Bd4 Bxd4 20. Qxd4 Qa5 21. Re3 b5 22. g4 Bd7 23. Rae1 bxc4 24. Rxe7 Rxe7 25. Rxe7 cxb3 26. Qf6 Rf8 27. Rxd7 bxa2 28. Nxa2 Qxa2 29. Rxd6 Qa5 30. Kg2 Qb4 31. h3 a5 32. g5 a4 33. Rd8 a3 34. d6 Qb7+ 35. Kh2 Qb2 36. Rxf8+ Kxf8 37. d7 Qb8+ 38. f4 Qb2+ 1-0